| 000 | 01164nam a2200193Ia 4500 | ||
|---|---|---|---|
| 008 | 220216s9999 xx 000 0 und d | ||
| 100 | _aSoedjanaatmadja U M S | ||
| 245 | 0 | _aProcessed products of the hevein precursor in the latex of the rubber tree (Hevea brasiliensis) | |
| 260 |
_bFEBS Letters _c1995 |
||
| 300 | _a211-213 | ||
| 500 | _aSource Year: 1996 | ||
| 520 | _aThe 20-kDa precursor of hevein and its C-terminal 14-kDa domain were isolated. Sequence analysis of the C-terminal tryptic peptides of these proteins and comparison with the cDNA sequence indicated that they represented mature forms from which a C-terminal propeptide, possibly involved in vacuolar targeting, had been removed. The molar ration of hevein to the C-terminal domain in the lutoid-body fraction of rubber latex is about 30:1. This indicates that not only the pre- and propeptides, but also the 14-kDa domain are removed by proteolysis or other processes in the latex vessel after the processing of hevein has taken place. | ||
| 650 | _aHevea brasiliensis | ||
| 650 | _aHevein precursor | ||
| 700 | _aBeintema J J | ||
| 700 | _aSubroto T | ||
| 856 | _uHOA | ||
| 942 | _cJS | ||
| 999 |
_c65757 _d65757 |
||